La búsqueda de la seguridad en Centroamérica por Contadora
Sparad:
| Materialtyp: | Bok |
|---|---|
| Språk: | Spanish |
| Taggar: |
Lägg till en tagg
Inga taggar, Lägg till första taggen!
|
MARC
| LEADER | 00000nam a22000007a 4500 | ||
|---|---|---|---|
| 003 | cru CIDCACS/IIS | ||
| 005 | 20230207100224.0 | ||
| 007 | ta | ||
| 008 | 230207s1988 sp |||p|r|||| 00| 0 spa d | ||
| 040 | |c cru CIDCACS/IIS | ||
| 245 | 3 | |a La búsqueda de la seguridad en Centroamérica por Contadora | |
| 300 | |a páginas 211-218 | ||
| 500 | |a Colección Centroamérica | ||
| 773 | 0 | |0 43305 |9 5272 |a Centre d'Informació i Documentació Internacionals a Barcelona |d Barcelona, España: Centre d'Informació i Documentació Internacionals a Barcelona, 1982- |o 21181 |t Revista CIDOB D' Afers Internationals / |x 02121786 | |
| 942 | |2 ddc |c PP | ||
| 999 | |c 44714 |d 44714 | ||
